[Event "Solingen op-B"]
[Site "Solingen"]
[Date "2005.05.28"]
[Round "5"]
[White "Slovacek, Petr"]
[Black "Neuhaus, Yannic"]
[Result "1-0"]
[WhiteElo "1447"]
[BlackElo "1234"]
[PlyCount "67"]
[EventDate "2005.05.26"]
[EventType "swiss"]
[EventRounds "7"]
[EventCountry "GER"]
[SourceTitle "EXT 2006"]
[Source "ChessBase"]
[SourceDate "2005.11.24"]
[SourceVersion "1"]
[SourceVersionDate "2005.11.24"]
[SourceQuality "1"]

1. e4 e5 2. Nf3 Nc6 3. Bb5 a6 4. Ba4 Nf6 5. 0-0 Nxe4 6. d4 b5 7. Bb3 Bd6 8. Re1 f5 9. dxe5 Nxe5 10. Nxe5 Bxe5 11. Bd5 c6 12. Bxe4 fxe4 13. Rxe4 Qf6 14. f4 0-0 15. Rxe5 d6 16. Re1 Qg6 17. Qf3 Qxc2 18. Nc3 Qg6 19. Qxc6 Bf5 20. Bd2 Qf6 21. b3 Rac8 22. Qd5+ Kh8 23. Rac1 Rc5 24. Qb7 d5 25. Re5 Be6 26. Qxa6 Bc8 27. Qxf6 gxf6 28. Rxd5 Rc6 29. Nxb5 Rxc1+ 30. Bxc1 Bb7 31. Rc5 Rd8 32. Kf2 Kg7 33. Rc7+ Kg6 34. Rxb7 1-0

[Event "Solingen op-B"]
[Site "Solingen"]
[Date "2005.05.26"]
[Round "1"]
[White "Neuhaus, Yannic"]
[Black "Cherednichek, Nikita"]
[Result "0-1"]
[WhiteElo "1234"]
[BlackElo "1741"]
[PlyCount "60"]
[EventDate "2005.05.26"]
[EventType "swiss"]
[EventRounds "7"]
[EventCountry "GER"]
[SourceTitle "EXT 2006"]
[Source "ChessBase"]
[SourceDate "2005.11.24"]
[SourceVersion "1"]
[SourceVersionDate "2005.11.24"]
[SourceQuality "1"]

1. e4 e6 2. Nc3 d5 3. d4 Nf6 4. Bd3 c5 5. e5 Nfd7 6. Be3 Nc6 7. Nf3 cxd4 8. Nxd4 Ndxe5 9. Nxc6 Nxd3+ 10. Qxd3 bxc6 11. 0-0 a5 12. Qd4 c5 13. Qg4 d4 14. Bg5 f6 15. Bh4 dxc3 16. bxc3 Qc7 17. Rfd1 Qf7 18. Rab1 Be7 19. Qf3 Ra7 20. Qc6+ Bd7 21. Qb6 Ra8 22. Qb7 Rd8 23. Qa6 0-0 24. Qxa5 Bc6 25. Rxd8 Rxd8 26. Qc7 Qe8 27. a3 Qd7 28. Qxd7 Rxd7 29. Ra1 Ba4 30. Ra2 Rd1# 0-1